Industrial and Organizational Psychology / 8th Edition (Record no. 130)
[ view plain ]
| 000 -LEADER | |
|---|---|
| fixed length control field | 01563cam a22002294a 4500 |
| 005 - ΗΜΕΡΟΜΗΝΙΑ ΚΑΙ ΩΡΑ ΤΕΛΕΥΤΑΙΑΣ ΕΝΗΜΕΡΩΣΗΣ | |
| Πεδίο ελέγχου | 20250605163924.0 |
| 008 - FIXED-LENGTH DATA ELEMENTS--GENERAL INFORMATION | |
| Πεδίο ελέγχου σταθερού μήκους | 250528s ||||||||||||||||||||||||d |
| 035 ## - SYSTEM CONTROL NUMBER | |
| System control number | 14501 |
| 020 ## - ISBN | |
| ISBN | 44450028 |
| 040 ## - ΠΗΓΗ ΚΑΤΑΛΟΓΟΓΡΑΦΗΣΗΣ | |
| Φορέας πρωτότυπης καταλογογράφησης | MC Athens Campus Library |
| Γλώσσα καταλογογράφησης | Ελληνικά, Μοντέρνα (1453-) |
| Modifying agency | MC Athens Campus Library |
| Κανόνες περιγραφικής καταλογογράφησης | AACR2 |
| 245 1# - ΤΙΤΛΟΣ ΚΑΙ ΔΗΛΩΣΗ ΥΠΕΥΘΥΝΟΤΗΤΑΣ | |
| Τίτλος | Industrial and Organizational Psychology / 8th Edition |
| 250 ## - EDITION STATEMENT | |
| Edition statement | 8th |
| 260 ## - PUBLICATION, DISTRIBUTION, ETC. | |
| Date of publication, distribution, etc. | 1987 |
| 300 ## - PHYSICAL DESCRIPTION | |
| Extent | 468 |
| 520 ## - SUMMARY, ETC. | |
| Summary, etc. | A comprehensive overview of current theory and practice in industrial and organizational psychology. Preface, Introduction, Bases for Job-Related Behavior, Behavioral Research, Job-Related Behavior and Its Measurement, Job Analysis, Behavioral Measurement: General Considerations, Personnel Rating, Personnel Selection, Staffing Organizations: Selection and Placement, General Practices in Personnel Selection, Human Abilities and Their Measurement, Personality and Interest, Non test Methods of Personnel Selection, Personnel Training and Development, Personnel Training, Careers, The Organizational and Social Context of Human Work, Work Motivation, Job Satisfaction and Attitudes and Opinions, Group Processes and Leadership, The Job and Work Environment, Human Factors in Job Design, Job Enrichment, Job Evaluation, Working Conditions, Accidents and Safety, Appendices, Elementary Descriptive Statistics, Taylor-Russel Tables, Lawshe Expectancy Tables, Representative Personnel Tests, About the Authors, Index. |
| 700 1# - ΠΡΟΣΘΕΤΗ ΑΝΑΓΡΑΦΗ--ΦΥΣΙΚΟ ΠΡΟΣΩΠΟ | |
| Personal name | Ilgen Daniel |
| 9 (RLIN) | 197 |
| 700 1# - ΠΡΟΣΘΕΤΗ ΑΝΑΓΡΑΦΗ--ΦΥΣΙΚΟ ΠΡΟΣΩΠΟ | |
| Personal name | Mccormick Ernest J |
| 9 (RLIN) | 198 |
| 700 1# - ΠΡΟΣΘΕΤΗ ΑΝΑΓΡΑΦΗ--ΦΥΣΙΚΟ ΠΡΟΣΩΠΟ | |
| Personal name | Unwin Hyman |
| 9 (RLIN) | 199 |
| 942 ## - ADDED ENTRY ELEMENTS (KOHA) | |
| Koha item type | Books |
| Τύπος τεκμηρίου | Βιβλιοθήκη | Τρέχουσα τοποθεσία | Barcode | Αριθμός εισαγωγής | Ημερομηνία απόκτησης | Ταξιθετικό σύμβολο | Αριθμός αντιτύπου | Κατάσταση απόσυρσης | Κατάσταση χαμένου | Κατάσταση κατεστραμμένου | Μη δανεισμός | Σύνολο δανεισμών | Ημερομηνία τελευταίας εμφάνισης | Η τιμή ισχύει από |
|---|---|---|---|---|---|---|---|---|---|---|---|---|---|---|
| Books | MC Athens Campus Library | MC Athens Campus Library | 9780000001290 | 1319 | 05/06/2025 | 158.7 MCC | 1 | 05/06/2025 | 05/06/2025 |